[Event "4NCL Online Division 3"]
[Site "online"]
[Date "2021.01.26"]
[Round "1.132"]
[White "Healy, John"]
[Black "Wood, Peter R"]
[Result "0-1"]
[WhiteElo "1885"]
[BlackElo "1967"]
[PlyCount "78"]
[EventDate "2021.01.26"]
[WhiteTeam "St Benildus B"]
[BlackTeam "Catford Cosmonauts 3"]

1. e4 e6 2. d4 d5 3. e5 c5 4. c3 Nc6 5. Nf3 Bd7 6. a3 Nge7 7. b4 cxb4 8. cxb4
Nf5 9. Bb2 Qb6 10. g4 Nh6 11. h3 Be7 12. Qd2 a6 13. Be2 Rc8 14. O-O O-O 15. Nc3
Na7 16. Nd1 Bb5 17. Ne3 Bxe2 18. Qxe2 Qb5 19. Qd2 Rc6 20. Rac1 Rfc8 21. g5 Nf5
22. Nxf5 exf5 23. Nh4 g6 24. Ng2 Rxc1 25. Rxc1 Rxc1+ 26. Qxc1 Qc6 27. h4 Nb5
28. Qd1 a5 29. a4 Nc3 30. Bxc3 Qxc3 31. bxa5 Qxa5 32. Qb3 Bb4 33. Nf4 Bc3 34.
Qxb7 Bxd4 35. Nd3 Qxa4 36. Kg2 Qd1 37. e6 Qg4+ 38. Kf1 Qd1+ 39. Kg2 Qg4+ 0-1

[Event "4NCL Online Division 3"]
[Site "online"]
[Date "2021.01.26"]
[Round "1.133"]
[White "Turner, Howard"]
[Black "Murray, Benjamin"]
[Result "0-1"]
[WhiteElo "1885"]
[BlackElo "1910"]
[PlyCount "80"]
[EventDate "2021.01.26"]
[WhiteTeam "Catford Cosmonauts 3"]
[BlackTeam "St Benildus B"]

1. e4 e6 2. Qe2 c5 3. f4 Ne7 4. Nf3 Nbc6 5. c3 g6 6. d3 Bg7 7. g3 O-O 8. Bg2 a6
9. Be3 d6 10. Nbd2 Rb8 11. g4 f5 12. gxf5 exf5 13. h4 fxe4 14. dxe4 Bg4 15.
Qc4+ Kh8 16. Ng5 Qe8 17. Ne6 b5 18. Nxg7 Kxg7 19. Qd3 c4 20. Bd4+ Kg8 21. Qg3
Nxd4 22. cxd4 Bh5 23. O-O Kh8 24. d5 Qf7 25. Qc3+ Qg7 26. e5 Nf5 27. Ne4 dxe5
28. Qxe5 Ne3 29. Qxg7+ Kxg7 30. Ng5 Rf5 31. Be4 Nxf1 32. Bxf5 Ne3 33. Be6 b4
34. Re1 c3 35. Rxe3 c2 36. Re1 Bd1 37. Bd7 c1=Q 38. Re7+ Kf8 39. Re1 Qc5+ 40.
Kh2 Qf2+ 0-1

[Event "4NCL Online Division 3"]
[Site "online"]
[Date "2021.01.26"]
[Round "1.134"]
[White "Boland, Dylan"]
[Black "John, Maxamillian"]
[Result "1-0"]
[WhiteElo "1863"]
[BlackElo "1923"]
[PlyCount "135"]
[EventDate "2021.01.26"]
[WhiteTeam "St Benildus B"]
[BlackTeam "Catford Cosmonauts 3"]

1. d4 d5 2. c4 e6 3. Nf3 Nf6 4. Nc3 Be7 5. Bf4 O-O 6. e3 c5 7. Rc1 cxd4 8. exd4
Qb6 9. Qb3 Nc6 10. c5 Qxb3 11. axb3 Nb4 12. Be2 b6 13. O-O bxc5 14. dxc5 Bd7
15. Nb5 Bxb5 16. Bxb5 Rac8 17. Bd6 Bxd6 18. cxd6 Rcd8 19. Ra1 Rxd6 20. Rxa7 Rb6
21. Be2 Nc6 22. Ra3 Rfb8 23. Rc1 e5 24. Bb5 e4 25. Bxc6 exf3 26. gxf3 g6 27.
Ba4 Rd6 28. Rc5 d4 29. Ra1 d3 30. Rd1 Rbd8 31. Rc6 Nh5 32. Rxd6 Rxd6 33. Bb5
Nf4 34. Kf1 d2 35. Bc4 Kf8 36. b4 Ke7 37. b3 f5 38. b5 h6 39. Kg1 g5 40. Kf1
Ke8 41. Kg1 Kd7 42. Kf1 Kc7 43. Kg1 Kb6 44. Kf1 Ne6 45. Bxe6 Rxe6 46. Rxd2 Kxb5
47. Rd5+ Kb4 48. Rxf5 Kxb3 49. Kg2 Kc3 50. Rd5 Kc4 51. Rd8 Kc3 52. Kg3 Kc4 53.
f4 gxf4+ 54. Kxf4 Rf6+ 55. Kg3 Kc5 56. f4 Kc6 57. Kf3 Kc5 58. Ke4 Kc6 59. f5
Kc7 60. Rd2 Rd6 61. Rxd6 Kxd6 62. h3 h5 63. h4 Ke7 64. Ke5 Kf7 65. f6 Kf8 66.
Ke6 Ke8 67. Kf5 Kf7 68. Kg5 1-0

[Event "4NCL Online Division 3"]
[Site "online"]
[Date "2021.01.26"]
[Round "1.141"]
[White "Gardiner, Ethan"]
[Black "Hann, R Mark"]
[Result "1/2-1/2"]
[WhiteElo "1782"]
[BlackElo "2026"]
[PlyCount "57"]
[EventDate "2021.01.26"]
[WhiteTeam "Manchester Juniors A"]
[BlackTeam "Bolton and Worsley 1"]

1. e4 e6 2. d4 d5 3. Nc3 Bb4 4. e5 c5 5. a3 Bxc3+ 6. bxc3 Ne7 7. h4 Qc7 8. Bd2
b6 9. h5 h6 10. Qg4 cxd4 11. cxd4 Nbc6 12. Qxg7 Rg8 13. Qxh6 Nxd4 14. Bd3 Qxe5+
15. Qe3 Nxc2+ 16. Bxc2 Qxa1+ 17. Bc1 d4 18. Qd2 Qc3 19. Qxc3 dxc3 20. h6 f5 21.
h7 Rh8 22. Be3 Bb7 23. Bd4 Kf7 24. f3 Kg6 25. Bxh8 Rxh8 26. Ne2 Nd5 27. Nd4
Rxh7 28. Rxh7 Kxh7 29. Kf2 1/2-1/2

[Event "4NCL Online Division 3"]
[Site "online"]
[Date "2021.01.26"]
[Round "1.142"]
[White "Tyton, Adam"]
[Black "Jackson, Edward"]
[Result "1-0"]
[WhiteElo "1894"]
[BlackElo "1752"]
[PlyCount "155"]
[EventDate "2021.01.26"]
[WhiteTeam "Bolton and Worsley 1"]
[BlackTeam "Manchester Juniors A"]

1. e4 c6 2. Nf3 d5 3. Nc3 Bg4 4. h3 Bxf3 5. Qxf3 e6 6. d3 Nd7 7. Be2 Ngf6 8.
Qg3 dxe4 9. Nxe4 Nxe4 10. dxe4 g6 11. O-O Bg7 12. Rd1 O-O 13. Bg5 Qc8 14. Rd2
Nc5 15. Bf3 e5 16. Be7 Ne6 17. Bxf8 Qxf8 18. c3 Nf4 19. Rad1 Bf6 20. Rd7 b5 21.
R1d2 a5 22. Bd1 a4 23. R2d6 Qe8 24. Qe3 Be7 25. Rd2 Ne6 26. Qg3 Nc5 27. Rc7
Nxe4 28. Qxe5 Nxd2 29. Rxe7 Qd8 30. Qf6 Qd5 31. Bg4 Ne4 32. Qf4 Nc5 33. Re5 Nd3
34. Rxd5 Nxf4 35. Rc5 a3 36. b3 Rd8 37. g3 Ne6 38. Bxe6 fxe6 39. Rxc6 Rd2 40.
Rb6 Rxa2 41. Rxb5 Rb2 42. Kg2 Kf7 43. c4 a2 44. Ra5 Ke7 45. c5 Kd7 46. b4 Kc6
47. h4 e5 48. Kf3 Kd5 49. Ke3 e4 50. Ra7 Rc2 51. Ra8 Kc4 52. c6 Kb3 53. b5 Kb2
54. b6 Rc3+ 55. Kxe4 Ra3 56. Rxa3 Kxa3 57. b7 a1=Q 58. b8=Q Qe1+ 59. Kd5 Qd2+
60. Ke6 Qa2+ 61. Kd7 Qf7+ 62. Kc8 Qxf2 63. Qd6+ Kb2 64. c7 Qa7 65. Kd7 Qa4+ 66.
Ke7 Qa7 67. Kf7 Kb1 68. Kg7 Kb2 69. Kxh7 Kb1 70. Qxg6+ Kc1 71. Qc6+ Kb1 72. g4
Ka1 73. g5 Kb1 74. g6 Kb2 75. h5 Kb1 76. h6 Kb2 77. Qd7 Ka1 78. c8=Q 1-0

[Event "4NCL Online Division 3"]
[Site "online"]
[Date "2021.01.26"]
[Round "1.143"]
[White "Jayawarna, Tarini"]
[Black "McElvenny, Damien"]
[Result "0-1"]
[WhiteElo "1709"]
[BlackElo "1892"]
[PlyCount "68"]
[EventDate "2021.01.26"]
[WhiteTeam "Manchester Juniors A"]
[BlackTeam "Bolton and Worsley 1"]

1. e4 c5 2. Nf3 d6 3. d4 cxd4 4. Nxd4 Nf6 5. Nc3 a6 6. Bg5 Nbd7 7. f4 e6 8. Qf3
Be7 9. O-O-O Qc7 10. g4 b5 11. Bxf6 Bxf6 12. g5 Bxd4 13. Rxd4 Bb7 14. f5 Ne5
15. Qf4 Qc5 16. Rd1 b4 17. Ne2 Rc8 18. Nd4 exf5 19. Qxf5 O-O 20. h4 Rc7 21. h5
Bc8 22. Qf4 f5 23. Kb1 fxe4 24. Qxe4 Bb7 25. Qe2 Bxh1 26. Ne6 Bf3 27. Qd2 Qxc2+
28. Qxc2 Rxc2 29. Rxd6 Rfc8 30. Rd8+ Rxd8 31. Nxd8 Rh2 32. Bxa6 Be4+ 33. Kc1
Nd3+ 34. Kd1 Bf3# 0-1

[Event "4NCL Online Division 3"]
[Site "online"]
[Date "2021.01.26"]
[Round "1.144"]
[White "Doherty, Paul"]
[Black "Benhamida, Aisha"]
[Result "0-1"]
[WhiteElo "1747"]
[BlackElo "1648"]
[PlyCount "132"]
[EventDate "2021.01.26"]
[WhiteTeam "Bolton and Worsley 1"]
[BlackTeam "Manchester Juniors A"]

1. f4 d5 2. Nf3 Nf6 3. e3 c5 4. Be2 Nc6 5. O-O g6 6. d3 Bg7 7. Qe1 O-O 8. Nc3
a6 9. Qh4 Qd6 10. e4 dxe4 11. dxe4 e5 12. f5 gxf5 13. Ng5 f4 14. Nd5 h6 15. Nf3
Nxe4 16. Nb6 Rb8 17. Nxc8 Rbxc8 18. Bd3 Nf6 19. Bf5 Rcd8 20. g3 Ne7 21. Bd3
fxg3 22. Bxh6 Ng6 23. Bxg6 gxh2+ 24. Kh1 fxg6 25. Rad1 Qe7 26. Ng5 Nh5 27. Qc4+
Kh8 28. Bxg7+ Kxg7 29. Ne6+ Kh6 30. Nxf8 Ng3+ 31. Kxh2 Nxf1+ 32. Kh3 Ne3 33.
Qe4 Rxf8 34. Qxe3+ Rf4 35. Qg3 Qe6+ 36. Kh2 g5 37. Rh1 Rh4+ 38. Kg1 Qf6 39.
Rxh4+ gxh4 40. Qc3 b6 41. Qc4 a5 42. Qe2 Qf4 43. Qb5 Qd4+ 44. Kh1 c4 45. Qc6+
Kg5 46. Qg2+ Qg4 47. Qd2+ Qf4 48. Qd8+ Qf6 49. Qg8+ Kh6 50. Qxc4 Qf3+ 51. Kg1
Qe3+ 52. Kh1 Qe1+ 53. Kg2 Qg3+ 54. Kh1 Kg5 55. Qg8+ Kf4 56. Qf8+ Ke3 57. Qh6+
Kf3 58. Qc6+ e4 59. Qf6+ Qf4 60. Qg6 Qc1+ 61. Kh2 Qxc2+ 62. Kh3 Qc8+ 63. Kxh4
Qh8+ 64. Kg5 Qe5+ 65. Kh6 Qf4+ 66. Kh7 Qh4+ 0-1

[Event "4NCL Online Division 3"]
[Site "online"]
[Date "2021.01.26"]
[Round "1.151"]
[White "Peacock, Malcolm R"]
[Black "Lockett, Karl"]
[Result "1-0"]
[WhiteElo "2017"]
[BlackElo "1855"]
[PlyCount "41"]
[EventDate "2021.01.26"]
[WhiteTeam "Preston South End"]
[BlackTeam "Crewe AOL"]

1. c4 b6 2. Nc3 e6 3. e4 Bb7 4. Nge2 c5 5. d3 Nf6 6. g3 Be7 7. Bg2 O-O 8. O-O
Nc6 9. h3 a6 10. Be3 Qc7 11. Rc1 Rad8 12. f4 d6 13. g4 e5 14. f5 Nd4 15. Ng3
Bc8 16. g5 Ne8 17. Nd5 Qd7 18. f6 gxf6 19. gxf6 Nxf6 20. Rxf6 Bxf6 21. Nxf6+
1-0

[Event "4NCL Online Division 3"]
[Site "online"]
[Date "2021.01.26"]
[Round "1.152"]
[White "Renegade, Richard"]
[Black "Quinn, Kenny"]
[Result "0-1"]
[WhiteElo "1752"]
[BlackElo "1962"]
[PlyCount "92"]
[EventDate "2021.01.26"]
[WhiteTeam "Crewe AOL"]
[BlackTeam "Preston South End"]

1. e4 c5 2. f4 Nc6 3. Nf3 g6 4. Bc4 e6 5. O-O Bg7 6. f5 Nge7 7. fxg6 hxg6 8.
Ng5 f6 9. Nh3 Ne5 10. Bb3 c4 11. Ba4 b5 12. d4 cxd3 13. cxd3 bxa4 14. d4 Qb6
15. Kh1 Nf7 16. Na3 Bb7 17. Nf2 Qc7 18. h3 Rc8 19. Nb5 Qb6 20. Qxa4 a6 21. Nc3
Bc6 22. Qd1 d5 23. Rb1 dxe4 24. Nfxe4 f5 25. Nc5 Rxh3+ 26. Kg1 Rxc3 27. bxc3
Qxb1 28. Nxe6 Bh6 29. Nf4 Bxf4 30. Rxf4 Be4 31. Rf2 Rxc3 32. Rf1 Qxa2 33. Bd2
Rd3 34. Rf2 Rxd4 35. Kh2 Qd5 36. Qc1 Rc4 37. Qb2 Rc2 38. Qb8+ Nd8 39. Be3 Rxf2
40. Bxf2 Bxg2 41. Bb6 Bf1 42. Qg3 g5 43. Bxd8 Qd2+ 44. Kg1 Qg2+ 45. Qxg2 Bxg2
46. Kxg2 Kxd8 0-1

[Event "4NCL Online Division 3"]
[Site "online"]
[Date "2021.01.26"]
[Round "1.153"]
[White "Pennington, Geoffrey"]
[Black "Holcman, Lukasz"]
[Result "1-0"]
[WhiteElo "1734"]
[BlackElo "1705"]
[PlyCount "33"]
[EventDate "2021.01.26"]
[WhiteTeam "Preston South End"]
[BlackTeam "Crewe AOL"]

1. e4 c5 2. b4 e5 3. bxc5 Bxc5 4. Nf3 Nc6 5. Bc4 Nf6 6. d3 d5 7. exd5 Nxd5 8.
O-O O-O 9. Bb2 Qb6 10. Bxe5 Nxe5 11. Nxe5 Qb2 12. Nxf7 Qxa1 13. Bxd5 Rxf7 14.
Bxf7+ Kxf7 15. Qh5+ Kg8 16. Qd5+ Kh8 17. Qd8+ 1-0

[Event "4NCL Online Division 3"]
[Site "online"]
[Date "2021.01.26"]
[Round "1.154"]
[White "Layhe, Neville"]
[Black "Tillotson, Carl"]
[Result "1/2-1/2"]
[WhiteElo "1628"]
[BlackElo "1687"]
[PlyCount "103"]
[EventDate "2021.01.26"]
[WhiteTeam "Crewe AOL"]
[BlackTeam "Preston South End"]

1. d4 Nf6 2. e3 e6 3. Bd3 c5 4. c3 cxd4 5. exd4 Nc6 6. f4 d5 7. Nd2 Bd7 8. Ngf3
a6 9. O-O Bd6 10. Ne5 Qc7 11. Qe2 Na7 12. a4 h6 13. Ndf3 O-O 14. g4 Ne4 15.
Nxd7 Qxd7 16. Bxe4 dxe4 17. Qxe4 Nc6 18. Ne5 Qc7 19. Nxc6 bxc6 20. b4 a5 21.
Bd2 axb4 22. cxb4 Rfc8 23. Rfc1 Qd7 24. Rc2 f5 25. Qf3 fxg4 26. Qxg4 Rf8 27.
Rac1 Rac8 28. Qf3 Bxb4 29. Be3 Qd5 30. Qxd5 exd5 31. Rxc6 Rxc6 32. Rxc6 Ra8 33.
Rb6 Rxa4 34. Rb5 Kf7 35. Rxd5 Be7 36. Rb5 Bf6 37. d5 Ke8 38. d6 Kd7 39. Rd5 Ra6
40. Kg2 Rxd6 41. Rxd6+ Kxd6 42. Kf3 Ke6 43. Kg4 Ba1 44. f5+ Kf6 45. h4 Bb2 46.
h5 Ba1 47. Bb6 Kf7 48. Kf4 Kf6 49. Bd8+ Kf7 50. Ke4 Bc3 51. Kd5 Bb2 52. Ke4
1/2-1/2

[Event "4NCL Online Division 3"]
[Site "online"]
[Date "2021.01.26"]
[Round "1.161"]
[White "Pigott, Darrell N"]
[Black "Pleasants, Allan J"]
[Result "0-1"]
[WhiteElo "1846"]
[BlackElo "2039"]
[PlyCount "52"]
[EventDate "2021.01.26"]
[WhiteTeam "Watford 2"]
[BlackTeam "Wessex Some Stars C"]

1. e4 d6 2. d4 Nf6 3. Nc3 Nbd7 4. Nf3 e5 5. Bg5 Be7 6. Bc4 O-O 7. Qd2 c6 8. a3
b5 9. Be2 a6 10. O-O Qc7 11. Rad1 Re8 12. Rfe1 Bf8 13. dxe5 dxe5 14. Bf1 Bb7
15. h3 c5 16. Nd5 Nxd5 17. exd5 f6 18. Bh4 Bd6 19. c4 e4 20. cxb5 axb5 21. Bxb5
exf3 22. Re6 Bh2+ 23. Kh1 fxg2+ 24. Kxg2 Rxe6 25. Bxd7 Qxd7 26. Kxh2 Re5 0-1

[Event "4NCL Online Division 3"]
[Site "online"]
[Date "2021.01.26"]
[Round "1.162"]
[White "Marsh, Roger D W"]
[Black "Sloan, Cecil"]
[Result "0-1"]
[WhiteElo "1955"]
[BlackElo "1749"]
[PlyCount "68"]
[EventDate "2021.01.26"]
[WhiteTeam "Wessex Some Stars C"]
[BlackTeam "Watford 2"]

1. d4 Nf6 2. c4 Nc6 3. Nc3 e5 4. d5 Ne7 5. e4 Ng6 6. g3 Bc5 7. Bh3 d6 8. f3
Bxg1 9. Bxc8 Bf2+ 10. Kxf2 Qxc8 11. Be3 O-O 12. Kg2 h5 13. h4 Nh7 14. f4 exf4
15. gxf4 Nf6 16. Qf3 Ng4 17. Bd4 Qd8 18. Qg3 f5 19. Raf1 Qd7 20. e5 dxe5 21.
fxe5 f4 22. e6 Qe7 23. Qe1 Rf5 24. Ne4 b6 25. Rh3 Raf8 26. Nd2 f3+ 27. Kh1 f2
28. Qe4 Nxh4 29. b4 Ng6 30. c5 Nf4 31. d6 cxd6 32. cxd6 Qxd6 33. e7 Nxh3 34.
e8=Q Qh2# 0-1

[Event "4NCL Online Division 3"]
[Site "online"]
[Date "2021.01.26"]
[Round "1.163"]
[White "Hammond, Rob"]
[Black "Adaway, William"]
[Result "0-1"]
[WhiteElo "1792"]
[BlackElo "1899"]
[PlyCount "52"]
[EventDate "2021.01.26"]
[WhiteTeam "Watford 2"]
[BlackTeam "Wessex Some Stars C"]

1. Nf3 Nf6 2. g3 b6 3. Bg2 Bb7 4. d3 e6 5. O-O d5 6. Bg5 Be7 7. Nc3 c5 8. e4
dxe4 9. dxe4 Qxd1 10. Raxd1 Nxe4 11. Nxe4 Bxe4 12. Bxe7 Kxe7 13. Ne5 Bxg2 14.
Kxg2 f6 15. Nc4 Nc6 16. Rd6 Na5 17. Nxa5 Kxd6 18. Rd1+ Kc7 19. Nc4 Rad8 20. Re1
e5 21. Kf3 Rd4 22. b3 Rhd8 23. Ne3 Rd2 24. Rc1 e4+ 25. Kxe4 Rxf2 26. h4 Rd4#
0-1

[Event "4NCL Online Division 3"]
[Site "online"]
[Date "2021.01.26"]
[Round "1.164"]
[White "Krawczuk, Michael J"]
[Black "Russell, Chris"]
[Result "1-0"]
[WhiteElo "1877"]
[BlackElo "1769"]
[PlyCount "93"]
[EventDate "2021.01.26"]
[WhiteTeam "Wessex Some Stars C"]
[BlackTeam "Watford 2"]

1. e4 e6 2. d4 d5 3. Nc3 Bb4 4. Qg4 Ne7 5. Qxg7 Rg8 6. Qxh7 Nbc6 7. Nge2 dxe4
8. Qxe4 Bxc3+ 9. bxc3 Nf5 10. Ng3 Nd6 11. Qh7 Ke7 12. Be2 e5 13. O-O Be6 14.
Rd1 exd4 15. cxd4 Nb4 16. c3 Nd5 17. Qd3 Kd7 18. c4 Nb4 19. Qb3 Na6 20. Qa4+
Kc8 21. c5 Bd7 22. Qa3 Nb5 23. Qb2 c6 24. a3 Nbc7 25. a4 Nd5 26. Bxa6 bxa6 27.
Ne4 Qh4 28. Nd6+ Kd8 29. Re1 Bh3 30. g3 Qf6 31. Qb7 Nc7 32. Qb3 Qxd4 33. Be3
Qf6 34. Qxf7 Qxf7 35. Nxf7+ Ke7 36. Nd6 Kf6 37. Bd4+ Kg6 38. Re5 Rad8 39. Rae1
Rd7 40. Be3 Rf8 41. f4 Nd5 42. Bd4 Rff7 43. Rg5+ Kh6 44. Nxf7+ Rxf7 45. Ree5
Bd7 46. Rh5+ Kg6 47. Reg5# 1-0

[Event "4NCL Online Division 3"]
[Site "online"]
[Date "2021.02.09"]
[EventDate "2021.02.09"]
[Round "2.11"]
[White "Hill, Jonathan S"]
[WhiteElo "1983"]
[WhiteTeam "Urmston"]
[Black "McIntyre, John W"]
[BlackElo "1898"]
[BlackTeam "Phones Pals"]
[Result "1-0"]
[PlyCount "87"]

1. d4 Nf6 2. c4 g6 3. Nc3 d5 4. Nf3 Bg7 5. cxd5 Nxd5 6. e4 Nxc3 7. bxc3 c5 8. Rb1 O-O 9. Be2 Nc6 10. d5 Bxc3+ 11. Bd2 Bxd2+ 12. Qxd2 Nd4 13. Nxd4 cxd4 14. Qxd4 Qa5+ 15. Qd2 Qxd2+ 16. Kxd2 Rd8 17. Ke3 e6 18. Bc4 Rb8 19. Rhd1 exd5 20. Bxd5 Kf8 21. Rbc1 Ke7 22. Rc7+ Rd7 23. Rxd7+ Bxd7 24. Bxf7 Bg4 25. f3 Bxf3 26. gxf3 Kxf7 27. Rd7+ Kf6 28. Rxh7 a6 29. f4 b5 30. e5+ Ke6 31. Rg7 Kf5 32. Rf7+ Ke6 33. Rf6+ Ke7 34. Rxg6 a5 35. f5 b4 36. Rg7+ Kf8 37. Ra7 b3 38. axb3 Rxb3+ 39. Kf4 Rb5 40. f6 Rc5 41. e6 Rc4+ 42. Ke5 Rb4 43. Ra8+ Rb8 44. Rxb8# 1-0

[Event "4NCL Online Division 3"]
[Site "online"]
[Date "2021.02.09"]
[EventDate "2021.02.09"]
[Round "2.12"]
[White "Glen, Hamish"]
[WhiteElo "1613"]
[WhiteTeam "Phones Pals"]
[Black "Whalley, Mark E"]
[BlackElo "1748"]
[BlackTeam "Urmston"]
[Result "1/2-1/2"]
[PlyCount "132"]

1. e4 e6 2. d4 d5 3. e5 c5 4. c3 Qb6 5. Nf3 Nc6 6. Be2 cxd4 7. cxd4 Nge7 8. Na3 Nf5 9. Nc2 Be7 10. b3 Bd7 11. Kf1 a5 12. g4 Nh4 13. Be3 Nxf3 14. Bxf3 a4 15. Rb1 axb3 16. Rxb3 Qc7 17. Qb1 Na5 18. Rb6 Bc6 19. Be2 Nc4 20. Rb3 O-O 21. Rg1 f6 22. exf6 Nxe3+ 23. Rxe3 Rxf6 24. Rg2 Raf8 25. Ne1 Bd6 26. Nf3 Bf4 27. Rc3 e5 28. g5 R6f7 29. g6 hxg6 30. Qxg6 e4 31. Ng5 Bxg5 32. Qxg5 Qa5 33. Qc1 Qxa2 34. Qc2 Qxc2 35. Rxc2 Bd7 36. Bg4 Bxg4 37. Rxg4 e3 38. Rg5 Rxf2+ 39. Rxf2 Rxf2+ 40. Kg1 Rd2 41. Rxd5 b5 42. Re5 Rxd4 43. Rxe3 Rd8 44. Rb3 Rb8 45. Kf2 g6 46. Kf3 Kg7 47. Kg4 Kf6 48. Rb4 g5 49. h4 gxh4 50. Kxh4 Ke5 51. Kg4 Kd5 52. Kf3 Kc5 53. Rb1 b4 54. Ke3 Kc4 55. Kd2 b3 56. Rc1+ Kb4 57. Rc6 Rb5 58. Kc1 Ka5 59. Kb2 Kb4 60. Rh6 Ka5 61. Rh3 Ka4 62. Rh4+ Rb4 63. Rxb4+ Kxb4 64. Kb1 Ka3 65. Ka1 b2+ 66. Kb1 Kb3 1/2-1/2

[Event "4NCL Online Division 3"]
[Site "online"]
[Date "2021.02.09"]
[EventDate "2021.02.09"]
[Round "2.13"]
[White "Randall, Grant"]
[WhiteElo "1583"]
[WhiteTeam "Urmston"]
[Black "Narang, Vishal"]
[BlackElo "1508"]
[BlackTeam "Phones Pals"]
[Result "1-0"]
[PlyCount "53"]

1. e4 e5 2. Nf3 Nc6 3. Bb5 a6 4. Ba4 Bc5 5. O-O Nf6 6. d3 h6 7. Bxc6 dxc6 8. Nxe5 O-O 9. Nc3 Bd4 10. Nf3 Bg4 11. h3 Bh5 12. Re1 Nh7 13. g4 Bg6 14. Nxd4 Qxd4 15. Ne2 Qd8 16. Ng3 Ng5 17. Bxg5 Qxg5 18. Qf3 Qe5 19. c3 c5 20. Rad1 Rad8 21. Nf5 Rfe8 22. d4 cxd4 23. cxd4 Qa5 24. a3 Qb6 25. Qc3 c6 26. d5 cxd5 27. Qxg7# 1-0

[Event "4NCL Online Division 3"]
[Site "online"]
[Date "2021.02.09"]
[EventDate "2021.02.09"]
[Round "2.14"]
[White "New, David"]
[WhiteElo "1193"]
[WhiteTeam "Phones Pals"]
[Black "Plunkett, Tim"]
[BlackElo "1275"]
[BlackTeam "Urmston"]
[Result "1-0"]
[PlyCount "71"]

1. e4 e5 2. Nf3 d6 3. d4 Nc6 4. Bb5 Bd7 5. O-O Nf6 6. Re1 Be7 7. dxe5 dxe5 8. Nc3 Bd6 9. Bg5 a6 10. Bf1 O-O 11. Nd5 Be7 12. Nxe7+ Qxe7 13. c3 Rad8 14. Qc2 h6 15. Bh4 g5 16. Bg3 Nh5 17. Rad1 Nxg3 18. hxg3 f6 19. Qb3+ Kg7 20. Qxb7 Rb8 21. Qxa6 Rxb2 22. Rb1 Rfb8 23. Rxb2 Rxb2 24. Rd1 Rb6 25. Qd3 Bc8 26. Qc2 Ba6 27. Rb1 Rxb1 28. Qxb1 Bxf1 29. Kxf1 Qc5 30. Qb3 Na5 31. Qb4 Qa7 32. Qe7+ Kg6 33. Qf8 c5 34. Qg8+ Qg7 35. Qe6 Qf7 36. Nxe5+ 1-0

[Event "4NCL Online Division 3"]
[Site "online"]
[Date "2021.02.09"]
[EventDate "2021.02.09"]
[Round "2.21"]
[White "Yogit, Senthilnathan"]
[WhiteElo "2166"]
[WhiteTeam "Uxbridge A Cults"]
[Black "George, Ian M"]
[BlackElo "1904"]
[BlackTeam "Camborne Trevithick"]
[Result "1-0"]
[PlyCount "65"]

1. e4 c5 2. Nf3 e6 3. d4 cxd4 4. Nxd4 Nf6 5. Nc3 Nc6 6. Ndb5 Bb4 7. a3 Bxc3+ 8. Nxc3 d5 9. exd5 Nxd5 10. Nxd5 Qxd5 11. Qxd5 exd5 12. Bf4 Bf5 13. O-O-O O-O-O 14. Be2 Rhe8 15. Bf3 d4 16. Rhe1 Rxe1 17. Rxe1 Kd7 18. Be4 Bxe4 19. Rxe4 Re8 20. Rxe8 Kxe8 21. Kd2 Kd7 22. Kd3 Ke6 23. Kc4 Kf5 24. Bd2 h5 25. Kd5 g5 26. h3 f6 27. b4 a6 28. a4 Nd8 29. Kxd4 Ke6 30. Kc5 g4 31. hxg4 hxg4 32. c4 f5 33. b5 1-0

[Event "4NCL Online Division 3"]
[Site "online"]
[Date "2021.02.09"]
[EventDate "2021.02.09"]
[Round "2.22"]
[White "Williams, Philip J"]
[WhiteElo "1844"]
[WhiteTeam "Camborne Trevithick"]
[Black "Sudhan, Hari Hara"]
[BlackElo "2120"]
[BlackTeam "Uxbridge A Cults"]
[Result "0-1"]
[PlyCount "98"]

1. c4 e5 2. Nc3 Nf6 3. Nf3 Nc6 4. e4 Bc5 5. Nxe5 Bxf2+ 6. Kxf2 Nxe5 7. d4 Ng6 8. Be2 d6 9. Rf1 O-O 10. Kg1 h6 11. Bf3 Bd7 12. Qd3 Rc8 13. Be3 c6 14. Rae1 b5 15. b3 bxc4 16. bxc4 Bg4 17. Bxg4 Nxg4 18. h3 Nxe3 19. Qxe3 c5 20. Rd1 cxd4 21. Qxd4 Ne5 22. Qxd6 Qxd6 23. Rxd6 Rxc4 24. Nb5 Rb8 25. Rd5 f6 26. Rf2 Rxe4 27. Nxa7 Rb1+ 28. Kh2 h5 29. Rfd2 Ree1 30. Kg3 g5 31. a4 h4+ 32. Kf2 Rf1+ 33. Ke3 Rf4 34. R2d4 Rb3+ 35. Ke2 Rg3 36. Rxf4 gxf4 37. Kf2 f3 38. gxf3 Rxf3+ 39. Kg2 Rg3+ 40. Kf2 Rxh3 41. a5 Ra3 42. Nc8 h3 43. Ne7+ Kf7 44. Nf5 Ke6 45. Rd6+ Kxf5 46. a6 h2 47. Kg2 Ra2+ 48. Kh1 Ng4 49. Rb6 Ra1+ 0-1

[Event "4NCL Online Division 3"]
[Site "online"]
[Date "2021.02.09"]
[EventDate "2021.02.09"]
[Round "2.23"]
[White "Symonds, Richard H"]
[WhiteElo "1990"]
[WhiteTeam "Uxbridge A Cults"]
[Black "Morgan, Jamie"]
[BlackElo "1864"]
[BlackTeam "Camborne Trevithick"]
[Result "1-0"]
[PlyCount "99"]

1. d4 Nf6 2. Nc3 d5 3. Bf4 c5 4. e3 cxd4 5. exd4 a6 6. Bd3 Nc6 7. Nge2 Bg4 8. f3 Bh5 9. Qd2 e6 10. O-O-O Nb4 11. h4 Nxd3+ 12. Qxd3 Bg6 13. Qe3 Bd6 14. g4 Bxf4 15. Nxf4 h5 16. Nxg6 fxg6 17. g5 Kf7 18. Rde1 Re8 19. gxf6 Qxf6 20. Qe5 Rac8 21. f4 Rc4 22. Rd1 Rec8 23. Rd3 b5 24. a3 Qe7 25. Re3 Qf6 26. Rd3 Qe7 27. Re1 R4c6 28. Rg1 Qxh4 29. Rdg3 Qf6 30. Rxg6 Qxe5 31. fxe5 Rg8 32. Nxd5 Rc4 33. Nf4 Rxd4 34. Nxe6 Re4 35. Nc5 Rxe5 36. Nd3 Rf5 37. Kd2 h4 38. b3 h3 39. R6g3 Rh8 40. Rxg7+ Ke6 41. R7g3 h2 42. Rh1 Kf6 43. Rg2 Rfh5 44. Nf2 Kf5 45. Ng4 Rg5 46. Ne3+ Kf4 47. Rgxh2 Rd8+ 48. Ke2 Re8 49. Rh4+ Kg3 50. R1h3# 1-0

[Event "4NCL Online Division 3"]
[Site "online"]
[Date "2021.02.09"]
[EventDate "2021.02.09"]
[Round "2.24"]
[White "Rodrigo, Y Jan"]
[WhiteElo "1799"]
[WhiteTeam "Camborne Trevithick"]
[Black "Kamath, Raghu"]
[BlackElo "1900"]
[BlackTeam "Uxbridge A Cults"]
[Result "0-1"]
[PlyCount "86"]

1. d4 d5 2. Nc3 f5 3. Bf4 c6 4. e3 Nf6 5. Bd3 g6 6. Nf3 Bg7 7. Ne5 O-O 8. h4 Nbd7 9. Qf3 e6 10. O-O-O Nh5 11. Nxd7 Bxd7 12. Be5 Bxe5 13. dxe5 Qc7 14. g4 fxg4 15. Qxg4 Qxe5 16. Rdg1 Kh8 17. Nd1 Qf6 18. f4 Rf7 19. Qg5 d4 20. Qxf6+ Rxf6 21. Kd2 dxe3+ 22. Kxe3 Nxf4 23. Nf2 Nxd3 24. Nxd3 Rf5 25. h5 gxh5 26. Nf4 Be8 27. Ke4 Bf7 28. Rh4 Rg8 29. Rhh1 Rg4 30. Rf1 Bg6 31. Ke3 Re5+ 32. Kd2 Kg7 33. Rh3 Bf7 34. Rhf3 Bg8 35. Nd3 Rd5 36. Ke3 e5 37. Nf2 e4 38. Nxe4 Re5 39. Rf4 Bd5 40. Rxg4+ hxg4 41. Rf4 Rxe4+ 42. Rxe4 Bxe4 43. Kxe4 Kf6 0-1

[Event "4NCL Online Division 3"]
[Site "online"]
[Date "2021.02.09"]
[EventDate "2021.02.09"]
[Round "2.31"]
[White "Hooker, Steve"]
[WhiteElo "1952"]
[WhiteTeam "Dorking Casuals"]
[Black "Singh, Amrik J"]
[BlackElo "1936"]
[BlackTeam "Warley Mighty Quins"]
[Result "1-0"]
[PlyCount "43"]

1. e4 g6 2. d4 Bg7 3. Nc3 d6 4. Be3 Nd7 5. Qd2 a6 6. h4 h6 7. O-O-O b5 8. e5 Bb7 9. e6 fxe6 10. Bd3 Nf8 11. Nh3 Bxg2 12. Nf4 Bxh1 13. Rxh1 Kf7 14. Rg1 Nf6 15. Qe2 Qd7 16. Qf3 Rc8 17. Qg2 Rg8 18. Bxg6+ Nxg6 19. Qxg6+ Kf8 20. d5 exd5 21. Ncxd5 Nxd5 22. Ne6+ 1-0

[Event "4NCL Online Division 3"]
[Site "online"]
[Date "2021.02.09"]
[EventDate "2021.02.09"]
[Round "2.32"]
[White "Turner, Jon"]
[WhiteElo "1838"]
[WhiteTeam "Warley Mighty Quins"]
[Black "Collins, Anthony S"]
[BlackElo "1897"]
[BlackTeam "Dorking Casuals"]
[Result "1-0"]
[PlyCount "59"]

1. e4 c6 2. d4 d5 3. exd5 cxd5 4. Nf3 Nc6 5. c3 Bf5 6. Bd3 Bxd3 7. Qxd3 e6 8. O-O Bd6 9. Bg5 Nf6 10. Nbd2 h6 11. Bh4 O-O 12. Rac1 a6 13. Rfe1 Rc8 14. Ne5 Be7 15. Ndf3 Nh7 16. Bg3 Ng5 17. Nxg5 Bxg5 18. f4 Nxe5 19. Rxe5 Bf6 20. Rh5 Qb6 21. Qd2 e5 22. fxe5 Bg5 23. Bf4 Bxf4 24. Qxf4 Qxb2 25. Rf1 Qxc3 26. Rxh6 Rc4 27. Rh4 Qb2 28. Qf5 Qc2 29. Qh5 f5 30. e6 1-0